000 00712nam a2200253 i 4500
001 C2-0170553
003 PPAK
005 20180729133542.0
008 980804s1993 my a|||| ||||| | eng d
040 _aPPAK
_beng
_cPPAK
_erda
082 0 4 _a502
_2 23
090 0 0 _a502
_bMAL
_dR
110 2 _aMalaysia. Nuklear
245 0 0 _aJurnal Sains Nuklear Malaysia
264 1 _aKajang, Selangor :
_bUnit Tenaga Nuklear ,
_c1993
300 _aVarious pages :
_bcolour illustrations ;
_c25 cm
336 _2rdacontent
_atext
337 _2rdamedia
_aunmediated
338 _2rdacarrier
_avolume
500 _aJil. 11
650 1 0 _aNuclear - Malaysia
710 2 _aMalaysia. Nuklear
_eorganizer
942 _ddc
_cB
999 _c154043
_d154043